[Event "Moscow Petrosian Memorial op"]
[Site "Moscow"]
[Date "2015.01.05"]
[Round "2"]
[White "Burakov, Alexander"]
[Black "Kuzmin, Ivan"]
[Result "1/2-1/2"]
[WhiteElo "1807"]
[BlackElo "1681"]
[PlyCount "84"]
[EventDate "2015.01.04"]
[EventType "swiss"]
[EventRounds "9"]
[EventCountry "RUS"]
[SourceTitle "CBM 164 Extra"]
[Source "ChessBase"]
[SourceDate "2015.03.02"]
[SourceVersion "1"]
[SourceVersionDate "2015.03.02"]
[SourceQuality "1"]

1. Nf3 Nf6 2. c4 c5 3. g3 Nc6 4. Bg2 g6 5. Nc3 Bg7 6. d4 cxd4 7. Nxd4 0-0 8. 0-0 a6 9. Nc2 d6 10. b3 Be6 11. Bb2 Rc8 12. e3 Qc7 13. Nd4 Bg4 14. Qd2 Rfd8 15. h3 Bd7 16. Rac1 Qb8 17. Nd5 Nxd5 18. Nxc6 Bxc6 19. cxd5 Bb5 20. Rfd1 Bxb2 21. Qxb2 Rxc1 22. Rxc1 Rc8 23. Rc3 a5 24. Qc1 Bd7 25. h4 b6 26. Bf1 Rc5 27. Rxc5 bxc5 28. Qc4 Qb6 29. e4 Qb4 30. Qxb4 axb4 31. f3 f5 32. Kf2 fxe4 33. fxe4 Kg7 34. Kf3 Kf6 35. Kf4 h6 36. Bd3 g5+ 37. hxg5+ hxg5+ 38. Kf3 Ke5 39. Ke3 Bg4 40. Bc2 Bh3 41. Bd3 Bg2 42. Bb1 Bf1 1/2-1/2